000 00330 a2200157 4500
001 76216
020 _a9788568500718
040 _cAnchieta - Colégio São Paulo
100 _aVianco, André
240 1 0 _aVampiro:
_lpor
245 1 0 _aVampiro:
300 _a47
362 0 _a2014
650 4 _aLiteratura juvenil
942 _cBK
999 _c76216
_d76216